[Event "Continental Class Ch."]
[Site "Arlington, VA"]
[Date "2013.10.13"]
[Round "8.12"]
[White "Chan, James"]
[Black "Nieto, Guillermo Luigui"]
[Result "1/2-1/2"]
[WhiteElo "2039"]
[BlackElo "1978"]
[PlyCount "67"]
[EventDate "2013.10.??"]
[EventType "swiss"]
[EventRounds "9"]
[EventCountry "USA"]
[SourceDate "2013.10.10"]

1. e4 d5 2. exd5 Nf6 3. d4 Bg4 4. Nf3 Bxf3 5. Qxf3 Qxd5 6. Qxd5 Nxd5 7. Nc3 c6
8. Bd2 e6 9. O-O-O Nd7 10. Ne4 Be7 11. c4 N5f6 12. Nc3 O-O 13. f3 Nb6 14. Be3
Rfd8 15. Be2 Rac8 16. Kc2 h6 17. b3 Rd7 18. a4 Rdd8 19. g3 Nbd7 20. f4 h5 21.
h3 g6 22. Bf3 Nb8 23. g4 Na6 24. Kb2 Nb4 25. Rhg1 Kh7 26. Rd2 a5 27. Rgd1 Rd7
28. Kb1 Rcd8 29. Kc1 Rc8 30. Rg2 Rdd8 31. Rgd2 Rd7 32. Kb1 Rcd8 33. Kc1 Rc8 34.
Kb1 1/2-1/2

[Event "Continental Class Ch."]
[Site "Arlington, VA"]
[Date "2013.10.13"]
[Round "8.13"]
[White "Li, Ethan"]
[Black "Katz, Benjamin"]
[Result "1-0"]
[WhiteElo "2065"]
[BlackElo "2141"]
[PlyCount "101"]
[EventDate "2013.10.??"]
[EventType "swiss"]
[EventRounds "9"]
[EventCountry "USA"]
[SourceDate "2013.10.10"]

1. d4 Nf6 2. c4 e6 3. Nf3 c5 4. g3 cxd4 5. Nxd4 d5 6. Bg2 e5 7. Nf3 d4 8. O-O
Nc6 9. e3 Bc5 10. exd4 exd4 11. Re1+ Be6 12. Ng5 O-O 13. Nxe6 fxe6 14. Nd2 d3
15. Nb3 Qb6 16. Nxc5 Qxc5 17. Qxd3 Ng4 18. Be3 Qh5 19. h3 Nge5 20. Qe4 Rf6 21.
b4 Nf3+ 22. Bxf3 Qxf3 23. Qxf3 Rxf3 24. Kg2 Rf7 25. a3 a5 26. Red1 h6 27. b5
Ne5 28. Rac1 a4 29. c5 Rc8 30. f4 Nd7 31. Rd4 Nf6 32. Rxa4 Nd5 33. Re4 Ra8 34.
a4 Re7 35. Bf2 Kf7 36. c6 b6 37. Rcc4 Rea7 38. Kf3 g6 39. Be3 Ke7 40. Bc1 Kf7
41. Bb2 Ke7 42. Be5 Rc8 43. g4 Rg8 44. Bc3 Kf7 45. Be5 Ke7 46. c7 Rc8 47. Rc6
Kd7 48. Rec4 Rb7 49. Rd6+ Ke7 50. Rcc6 Nxc7 51. Rd4 1-0

[Event "Continental Class Ch."]
[Site "Arlington, VA"]
[Date "2013.10.13"]
[Round "8.14"]
[White "Strenzwilk, Denis"]
[Black "Hetzer, Volkhard"]
[Result "1/2-1/2"]
[WhiteElo "1956"]
[BlackElo "1940"]
[PlyCount "56"]
[EventDate "2013.10.??"]
[EventType "swiss"]
[EventRounds "9"]
[EventCountry "USA"]
[SourceDate "2013.10.10"]

1. d4 d5 2. Nf3 Nf6 3. Bf4 c5 4. e3 Nc6 5. c3 Qb6 6. Qb3 c4 7. Qxb6 axb6 8.
Nbd2 b5 9. a3 b4 10. cxb4 Nxb4 11. Rc1 Nc6 12. Be2 e6 13. O-O Be7 14. Ne5 Bd7
15. h3 O-O 16. g4 Rfd8 17. Bf3 Be8 18. Rfd1 Nxe5 19. Bxe5 Bc6 20. Re1 Ra6 21.
Bg2 Rda8 22. e4 Kf8 23. exd5 exd5 24. Bf3 b5 25. Nb1 b4 26. axb4 Bxb4 27. Nc3
Bxc3 28. bxc3 Ne4 1/2-1/2

[Event "Continental Class Ch."]
[Site "Arlington, VA"]
[Date "2013.10.14"]
[Round "9.3"]
[White "Rakhmanov, Alexander"]
[Black "Smith, Bryan G"]
[Result "1-0"]
[WhiteElo "2603"]
[BlackElo "2448"]
[PlyCount "72"]
[EventDate "2013.10.??"]
[EventType "swiss"]
[EventRounds "9"]
[EventCountry "USA"]
[SourceDate "2013.10.10"]

1. b3 e5 2. Bb2 Nc6 3. e3 Nf6 4. Bb5 Bd6 5. Na3 Na5 6. Be2 a6 7. c4 O-O 8. Nc2
Nc6 9. d3 Re8 10. g4 Kh8 11. h4 Bf8 12. g5 Ng8 13. e4 d6 14. f4 exf4 15. Qd2 f5
16. gxf6 Nxf6 17. Qxf4 Ne5 18. Nf3 Nfg4 19. Nxe5 dxe5 20. Qg3 h5 21. Ne3 Bb4+
22. Kd1 b5 23. Kc2 bxc4 24. Nxc4 Bd6 25. Ne3 Nf6 26. Rhg1 Qe7 27. Raf1 a5 28.
Qg6 Bh3 29. Nd5 Nxd5 30. Rf7 Nb4+ 31. Kb1 Qxf7 32. Qxf7 Re7 33. Qxh5+ Kg8 34.
d4 Be6 35. d5 Bd7 36. Qg5 Rf8 1-0

[Event "Continental Class Ch."]
[Site "Arlington, VA"]
[Date "2013.10.14"]
[Round "9.4"]
[White "Lenderman, Alex"]
[Black "Reis, Renan do Carmo"]
[Result "1-0"]
[WhiteElo "2539"]
[BlackElo "2259"]
[PlyCount "83"]
[EventDate "2013.10.??"]
[EventType "swiss"]
[EventRounds "9"]
[EventCountry "USA"]
[SourceDate "2013.10.10"]

1. c4 c5 2. Nf3 Nf6 3. d4 cxd4 4. Nxd4 Nc6 5. Nc3 e6 6. a3 d5 7. cxd5 exd5 8.
g3 Be7 9. Bg2 O-O 10. O-O h6 11. Be3 Be6 12. Nxc6 bxc6 13. Na4 Qd7 14. Nc5 Qc8
15. Rc1 Bh3 16. Qa4 Bxg2 17. Kxg2 Qg4 18. Qxg4 Nxg4 19. Bd4 Rfe8 20. e3 Bf6 21.
Bxf6 Nxf6 22. Nd3 Rac8 23. Rc2 Rc7 24. Rfc1 Rec8 25. Nb4 c5 26. Na6 Rb7 27.
Nxc5 Rbc7 28. Rc3 Ne8 29. Na4 Rxc3 30. Nxc3 Nd6 31. Rd1 Nc4 32. Na4 Rd8 33. Rd4
f5 34. h3 Kf7 35. g4 g6 36. Nc3 Nxb2 37. gxf5 gxf5 38. Nxd5 Rd6 39. Kf3 Ra6 40.
Rf4 Rxa3 41. Rxf5+ Kg7 42. Nf4 1-0

[Event "Continental Class Ch."]
[Site "Arlington, VA"]
[Date "2013.10.14"]
[Round "9.6"]
[White "Sarkar, Justin"]
[Black "Homa, Seth"]
[Result "1/2-1/2"]
[WhiteElo "2455"]
[BlackElo "2351"]
[PlyCount "88"]
[EventDate "2013.10.??"]
[EventType "swiss"]
[EventRounds "9"]
[EventCountry "USA"]
[SourceDate "2013.10.10"]

1. d4 Nf6 2. c4 g6 3. Nc3 d5 4. Bf4 Bg7 5. e3 c5 6. dxc5 Qa5 7. Rc1 dxc4 8.
Bxc4 O-O 9. Nf3 Qxc5 10. Bb3 Nc6 11. O-O Qa5 12. h3 Bf5 13. Qe2 Ne4 14. g4 Nxc3
15. bxc3 Bd7 16. Rfd1 Rad8 17. Ng5 Bc8 18. c4 h6 19. Ne4 Be6 20. c5 Bxb3 21.
axb3 a6 22. Qc4 Rxd1+ 23. Rxd1 Rd8 24. Rd5 Rxd5 25. Qxd5 Qd8 26. Qxd8+ Nxd8 27.
Bc7 Ne6 28. Bb6 Bb2 29. f4 f5 30. gxf5 gxf5 31. Ng3 Ng7 32. Kf2 Kf7 33. e4 e6
34. Kf3 Kg6 35. Nf1 Bc1 36. Ba5 Nh5 37. Bd2 Bb2 38. Ne3 Bd4 39. exf5+ exf5 40.
b4 Bxe3 41. Kxe3 Kf6 42. Kd4 Ke6 43. Kc4 Nf6 44. Kd4 Nd5 1/2-1/2

[Event "Continental Class Ch."]
[Site "Arlington, VA"]
[Date "2013.10.14"]
[Round "9.7"]
[White "Vibbert, Sean"]
[Black "Hasan, Mehdi"]
[Result "1-0"]
[WhiteElo "2299"]
[BlackElo "2254"]
[PlyCount "65"]
[EventDate "2013.10.??"]
[EventType "swiss"]
[EventRounds "9"]
[EventCountry "USA"]
[SourceDate "2013.10.10"]

1. e4 c5 2. Nc3 e6 3. g3 Nc6 4. Bg2 a6 5. d3 b5 6. Nh3 Bb7 7. O-O d6 8. f4 Nf6
9. f5 e5 10. Nd5 Be7 11. c3 h6 12. Nf2 Nb8 13. Nxf6+ Bxf6 14. h4 Nd7 15. Ng4
Nb6 16. Be3 Qc7 17. b3 d5 18. d4 exd4 19. Bf4 Qd8 20. e5 Be7 21. cxd4 h5 22. f6
hxg4 23. fxe7 Qxe7 24. Qxg4 Qe6 25. Qxg7 O-O-O 26. Kh2 Rhg8 27. Qh7 Nd7 28. Bh3
Qg6 29. Qxg6 Rxg6 30. Bg5 Rf8 31. Be7 Rfg8 32. Rxf7 Rxg3 33. Bxd7+ 1-0

[Event "Continental Class Ch."]
[Site "Arlington, VA"]
[Date "2013.10.14"]
[Round "9.11"]
[White "Strenzwilk, Denis"]
[Black "Chan, James"]
[Result "1-0"]
[WhiteElo "1956"]
[BlackElo "2039"]
[PlyCount "83"]
[EventDate "2013.10.??"]
[EventType "swiss"]
[EventRounds "9"]
[EventCountry "USA"]
[SourceDate "2013.10.10"]

1. d4 d5 2. Nf3 Nf6 3. Bf4 Bf5 4. e3 e6 5. Nbd2 Bd6 6. Bg3 O-O 7. Be2 Nbd7 8.
c3 Ne4 9. Nh4 Ndf6 10. Nxf5 exf5 11. Nxe4 Nxe4 12. Bf3 Re8 13. Bxe4 fxe4 14.
Qb3 Bxg3 15. hxg3 Re6 16. Rh5 Rd6 17. O-O-O b6 18. Rdh1 Qf6 19. Rxh7 g6 20. Qc2
Rad8 21. Qe2 Kf8 22. R1h4 R6d7 23. Rf4 Qg5 24. Qg4 Qxg4 25. Rxg4 Rd6 26. Kd2
Ke7 27. Rgh4 Rf6 28. Ke2 b5 29. a3 a5 30. f3 Re6 31. Rf4 Rf8 32. fxe4 dxe4 33.
g4 c6 34. g5 Ke8 35. Rhh4 Kd7 36. Rxe4 b4 37. axb4 axb4 38. Rxe6 fxe6 39. Rh7+
Ke8 40. Rg7 bxc3 41. bxc3 Rf5 42. Rxg6 1-0

[Event "Continental Class Ch."]
[Site "Arlington, VA"]
[Date "2013.10.14"]
[Round "9.12"]
[White "Khan, Shamim"]
[Black "Burke, John M"]
[Result "0-1"]
[WhiteElo "1943"]
[BlackElo "2005"]
[PlyCount "54"]
[EventDate "2013.10.??"]
[EventType "swiss"]
[EventRounds "9"]
[EventCountry "USA"]
[SourceDate "2013.10.10"]

1. Nf3 Nf6 2. d3 d5 3. Nbd2 g6 4. g3 Bg7 5. Bg2 O-O 6. O-O c5 7. e4 Nc6 8. h3
h6 9. Re1 e5 10. c3 Re8 11. Qe2 Be6 12. Nf1 Qd7 13. Kh2 Rad8 14. Nh4 b5 15. Nd2
d4 16. c4 Nb4 17. Nb3 Rc8 18. cxb5 Qxb5 19. Bf1 c4 20. dxc4 Bxc4 21. Qd1 Bxf1
22. Rxf1 Nxe4 23. f4 Rc2+ 24. Ng2 Nf2 25. Rxf2 Rxf2 26. fxe5 Rxe5 27. Nxd4 Qd5
0-1